| 000 | 00000nas##2200000za#4500 |
| 001 | 9.506852 |
| 003 | CaOODSP |
| 005 | 20200325092745 |
| 007 | cr ||||||||||| |
| 008 | 150406c2001||||xxc|| m o||||f| |0eng|d |
| 040 | |aCaOODSP|beng |
| 043 | |an-cn--- |
| 086 | 1 |aPS47-1E-PDF |
| 110 | 1 |aCanada. |bPublic Safety and Emergency Preparedness Canada. |
| 245 | 10|aSelf-help advice |h[electronic resource] |
| 260 | |aOttawa - Ontario : |bPublic Safety and Emergency Preparedness Canada |c[2001?]--. |
| 310 | |aIrregular |
| 500 | |aPublished by the Office of Critical Infrastructure Protection and Emergency Preparedness until 2005. |
| 690 | 07|aEmergency preparedness|2gcpds |
| 775 | 08|tConseils pratiques |w(CaOODSP)9.503248 |